|
|
|
|
| LEADER |
01440ppm a22003378a 4500 |
| 001 |
00031567 |
| 005 |
20171026081023.0 |
| 008 |
131225s2013 ||||||viesd |
| 041 |
0 |
# |
|a vie
|
| 082 |
1 |
4 |
|b PH110TR
|a 516
|
| 100 |
1 |
# |
|a Nguyễn, Thị Thu Hường
|
| 245 |
1 |
0 |
|a Phát triển năng lực chứng minh toán học cho học sinh thông qua dạy học chủ đề Vectơ trong chương I phần hình học 10 cơ bản
|b Khóa luận tốt nghiệp : Ngành Sư phạm Toán : Trình độ : Đại học
|c Nguyễn Thị Thu Hường; Nguyễn Dương Hoàng (hướng dẫn)
|
| 260 |
# |
# |
|b Trường Đại học Đồng Tháp
|c 2013
|a Đồng Tháp
|
| 300 |
# |
# |
|a 60 tr.+ phụ lục
|c 30 cm.
|e 1 bản tóm tắt
|
| 500 |
# |
# |
|a ĐTTTS ghi: Bộ Giáo dục và Đào tạo Đồng Tháp. Trường Đại học Đồng Tháp
|
| 650 |
|
|
|a Hình học
|
| 653 |
# |
# |
|a Khóa luận
|
| 653 |
# |
# |
|a Vectơ
|
| 653 |
# |
# |
|a Toán học
|
| 653 |
# |
# |
|a Phương pháp giảng dạy
|
| 653 |
# |
# |
|a Lớp 10
|
| 653 |
# |
# |
|a Năng lực chứng minh
|
| 700 |
1 |
# |
|a Nguyễn, Dương Hoàng
|e hướng dẫn
|
| 852 |
# |
# |
|b Kho đọc
|j KD.0015204
|
| 852 |
# |
# |
|j KD.0015204
|
| 910 |
# |
# |
|d 25/12/2013
|
| 980 |
# |
# |
|a Trung tâm Học liệu Lê Vũ Hùng, Trường Đại học Đồng Tháp
|